000 01294nam a22003137i 4500
003 EG-GICUC
005 20260414133046.0
008 080204s2000####ua#####fr#####000#0#ara#c
020 _a977-04-3044-7
040 _a EG-GICUC
_bara
_c EG-GICUC
_d EG-GICUC
_erda
041 0 _aara
082 0 4 _221
_a341.851
_bح س . ت
092 0 4 _221
099 _aLaw1 12 341.851 ح س . ت 2000
100 0 _aحسام الدين فتحي ناصف
_eAuthor.
245 _aتنفيذ احكام التحكيم الباطلة الصادرة فى الخارج ’’ تراجع اهمية التحكيم ’’ :
_bدراسة فى ضوء الاتفاقيات الدولية وقضاء التحكيم والتشريعات المقارنة /
_cحسام الدين فتحي ناصف
264 _aالقاهرة :
_bدار النهضة العربية،
_c2000.
300 _a177 ؛ صفحة
_c24 سم
336 _2rda content
_atext
337 _2rda media
_aComputer
338 _2rda carrier
_aOnline Resource
546 _aالنص باللغة العربية
650 1 4 _aتنفيذ الاحكام
650 1 4 _aقانون المرافعات.
650 1 4 _aالتحكيم الدولي
856 4 0 _uhttps://fll.law.cu.edu.eg/fulltext/bks/B12-02986.pdf
905 _a30
942 _2ddc
_cBK
_e21
_n0
999 _c70919
_d70919